000 00644nam a22002057a 4500
942 _cBK
999 _c598
_d598
005 20250420134817.0
008 200812b ||||| |||| 00| 0 eng d
020 _a9781138008601
040 _cKCST
082 _a004.692
_bRo Em
100 _aRooksby, Emma
_95041
245 _aE-mail and ethics :
_bstyle and ethical relations in computer-mediated communication /
_cEmma Rooksby
260 _aLondon ; New York :
_bRoutledge,
_c2002.
300 _a263 p.
440 _aRoutledge studies in contemporary philosophy,
_n1.
_95042
650 _aElectronic mail systems.
_95043
650 _aBusiness ethics.
_95044
942 _2ddc